000 00453nam a2200181Ia 4500
001 23153
005 20260414150918.0
008 260414t2017||||xx |||||||||||||| ||spa||
041 _aESP
082 _a624.2
_bS67
100 _aSomenson, Héctor M.
_eAUT
245 0 _aEstudio y proyecto de puentes de hormigón armado
_b
260 _c2017
300 _axiii, 242 páginas :
_c30 cm.
650 _a0
654 _aCIC
942 _cLIB
_dJUS
_fJUS
_2ddc
_n
999 _c23153
_d23153